Literary love: the role of passion in english poems and plays of the seventeenth century (Record no. 44252)

MARC details
000 -LEADER
fixed length control field 00408nam a2200145Ia 4500
008 - FIXED-LENGTH DATA ELEMENTS--GENERAL INFORMATION
fixed length control field 230917s9999||||xx |||||||||||||| ||und||
040 ## - CATALOGING SOURCE
-- 129883
Original cataloging agency VIVEKANANDA LIBRARY
041 ## - Language
-- English
082 ## - DDC NUMBER
Classification number 820.9 S51L
100 ## - MAIN ENTRY--PERSONAL NAME
Personal name Smith, A J
245 #0 - TITLE STATEMENT
Title Literary love: the role of passion in english poems and plays of the seventeenth century
260 ## - PUBLICATION, DISTRIBUTION, ETC. (IMPRINT)
Place of publication, distribution, etc London
Name of publisher, distributor, etc Edward Arnold
Date of publication, distribution, etc 1983
300 ## - PHYSICAL DESCRIPTION
Pages 184p. p.
942 ## - ADDED ENTRY ELEMENTS (KOHA)
Koha item type Books
Holdings
Withdrawn status Lost status Damaged status Not for loan Location (home branch) Sublocation or collection (holding branch) Date acquired Koha issues (times borrowed) Koha full call number Accession No. Koha date last seen Koha item type
        VIVEKANANDA LIBRARY VIVEKANANDA LIBRARY 01/02/2010   820.9 S51L 110819 17/09/2023 Books
© Designed and Maintained by Vivekananda Library, MDU Rohtak